Enfant terrible (Record no. 6789)

MARC details
000 -CABECERA
campo de control de longitud fija 00683nam a2200241 a 4500
001 - NÚMERO DE CONTROL
campo de control BRCA_7108
005 - FECHA Y HORA DE LA ÚLTIMA TRANSACCIÓN
campo de control 20190321142933.0
008 - DATOS DE LONGITUD FIJA--INFORMACIÓN GENERAL
campo de control de longitud fija 281211s1900----gw-a######---#000-0#ger-#
041 ## - CÓDIGO DE LENGUA
Código de lengua del texto/banda sonora o título independiente ger
044 ## - CÓDIGO DEL PAÍS DE LA ENTIDAD EDITORA/PRODUCTORA
Código MARC del país gw
050 #4 - SIGNATURA TOPOGRÁFICA DE LA BIBLIOTECA DEL CONGRESO
Número de documento/Ítem .S36 1900
100 1# - ENTRADA PRINCIPAL--NOMBRE DE PERSONA
Nombre de persona Schönthan, Paul von
Fechas asociadas al nombre 1853-1905
9 (RLIN) 17671
245 10 - MENCIÓN DE TÍTULO
Título Enfant terrible
Mención de responsabilidad, etc. von Paul von Schönthan ; illustriert von Carl Bopf
260 ## - PUBLICACIÓN, DISTRIBUCIÓN, ETC.
Lugar de publicación, distribución, etc. Sttugart, Alemania
Nombre del editor, distribuidor, etc. Carl Krabbe
Fecha de publicación, distribución, etc. [19--?]
300 ## - DESCRIPCIÓN FÍSICA
Extensión 152 p.
Otras características físicas il.
Dimensiones 21 cm.
440 #0 - MENCIÓN DE SERIE/PUNTO DE ACCESO ADICIONAL--TÍTULO
Título Coupé für Nichtraucher
Designación de volumen o secuencia 2
9 (RLIN) 17672
500 ## - NOTA GENERAL
Nota general Ejemplar intonso
500 ## - NOTA GENERAL
Nota general O123
650 14 - PUNTO DE ACCESO ADICIONAL DE MATERIA--TÉRMINO DE MATERIA
Término de materia o nombre geográfico como elemento de entrada Literatura Alemana
9 (RLIN) 6160
700 1# - PUNTO DE ACCESO ADICIONAL--NOMBRE DE PERSONA
Nombre de persona Bopf, Carl
Término indicativo de función/relación il.
9 (RLIN) 17673
902 ## - CATALOGADOR
Iniciales GFM
942 ## - ELEMENTOS DE PUNTO DE ACCESO ADICIONAL (KOHA)
Fuente del sistema de clasificación o colocación Library of Congress Classification
Tipo de ítem Koha Libros
Holdings
Estado de retiro Estado de pérdida Estado dañado No para préstamo Localización permanente Ubicación/localización actual Fecha de adquisición Número de inventario Total de préstamos Signatura topográfica completa Código de barras Fecha visto por última vez Precio válido a partir de Tipo de ítem Koha
El ejemplar forma parte de la colección y puede ser consultado según las políticas vigentes.       Biblioteca del Museo Franz Mayer (Rogerio Casas-Alatriste) Biblioteca del Museo Franz Mayer (Rogerio Casas-Alatriste) 28/12/2011 O123   .S36 1900 (O123) 7555 22/03/2019 22/03/2019 Libros